[Event "Challenge"]
[Site "http://www.queenalice.com/game.php?id=94034"]
[Date "2006.8.9"]
[Round "-"]
[White "edgar_01"]
[Black "ryan_07"]
[Result "1-0"]
[WhiteElo "1424"]
[BlackElo "1539"]

1. d4 d5 2. c4 dxc4 3. e4 Nf6 4. e5 Nd5 5. Bxc4 e6 6. Nf3 Bb4+ 7. Bd2 Nc6 8. O-O
a6 9. a3 Bxd2 10. Nbxd2 Nf4 11. g3 Nd3 12. Bxd3 Nxd4 13. Nxd4 Qxd4 14. Ne4 Qxb2
15. Qh5 g6 16. Nf6+ Kf8 17. Qh6+ Ke7 18. Qg7 Bd7 19. Nxd7 Qd4 20. Qf6+ Ke8 21.
Qxh8+ Kxd7 22. Qxa8 Qxd3 23. Rfd1 Qxd1+ 24. Rxd1+ Ke7 25. Qd8# 1-0

[Event "Challenge"]
[Site "http://www.queenalice.com/game.php?id=94035"]
[Date "2006.8.9"]
[Round "-"]
[White "edgar_01"]
[Black "nm"]
[Result "1-0"]
[WhiteElo "1100"]
[BlackElo "1300"]

1. e4 c5 2. Nf3 d6 3. d4 cxd4 4. Nxd4 Nf6 5. Nc3 a6 6. Bg5 e6 7. f4 Be7 8. Qf3
Qc7 9. O-O-O b5 10. Bd3 Bb7 11. Rhe1 Nbd7 12. Nd5 Nxd5 13. exd5 Bxd5 14. Qxd5
exd5 15. Rxe7+ Kf8 16. Bf5 Rd8 17. Be6 fxe6 18. Nxe6+ 1-0

[Event "Challenge"]
[Site "http://www.queenalice.com/game.php?id=94213"]
[Date "2006.8.9"]
[Round "-"]
[White "MusicMan"]
[Black "edgar_01"]
[Result "0-1"]
[WhiteElo "1269"]
[BlackElo "1256"]

1. Nf3 d5 2. g3 Nc6 3. c4 Nf6 4. Bg2 e5 5. O-O Bd6 6. d3 O-O 7. cxd5 Nxd5 8. e4
Nf6 9. Bd2 Bg4 10. Qb3 Bxf3 11. Bxf3 Nd4 12. Qxb7 Nxf3+ 13. Kg2 Nxd2 14. Nxd2
Qb8 15. Qc6 Qxb2 16. Nc4 Qd4 17. f3 Qxd3 18. Rf2 Rab8 19. Rd2 Qc3 20. Rdd1 Rb2+
21. Kh3 Rc2 22. Qa4 Qxc4 23. Qxc4 Rxc4 24. Rac1 Rxc1 25. Rxc1 h6 26. Rc6 Rb8 0-1

[Event "Challenge"]
[Site "http://www.queenalice.com/game.php?id=95640"]
[Date "2006.8.14"]
[Round "-"]
[White "orbz"]
[Black "edgar_01"]
[Result "1-0"]
[WhiteElo "1702"]
[BlackElo "1422"]

1. Nf3 b6 2. e4 Bb7 3. Bc4 Bxe4 4. Bxf7+ Kxf7 5. Ng5+ Ke8 6. Nxe4 Nf6 7. Nxf6+
exf6 8. O-O Be7 9. d3 Kf8 10. Nc3 Nc6 11. Bf4 d6 12. Re1 Ne5 13. Bxe5 fxe5 14.
Qf3+ Bf6 15. Nd5 c6 16. Nxf6 gxf6 17. d4 exd4 18. Re6 Kf7 19. Rae1 Rc8 20. Re7+
Qxe7 21. Rxe7+ Kxe7 22. h3 Rhg8 23. Qe4+ Kf7 24. Qxd4 c5 25. Qd5+ Ke7 26. Qb7+
1-0

[Event "Challenge"]
[Site "http://www.queenalice.com/game.php?id=96527"]
[Date "2006.8.17"]
[Round "-"]
[White "ryan_07"]
[Black "edgar_01"]
[Result "0-1"]
[WhiteElo "1384"]
[BlackElo "1367"]

1. e4 c5 2. Bc4 e6 3. Nc3 Nf6 4. d3 Be7 5. Bg5 d5 6. Bxf6 Bxf6 7. Bb5+ Bd7 8.
Bxd7+ Nxd7 9. Nge2 O-O 10. O-O d4 11. Nb5 a6 12. Nd6 Qc7 13. Nc4 b5 14. Na3 Be5
15. c4 b4 16. Nc2 Nf6 17. b3 Bxh2+ 18. Kh1 Ng4 19. f3 Nf6 20. Qe1 Nh5 0-1

[Event "Challenge"]
[Site "http://www.queenalice.com/game.php?id=96531"]
[Date "2006.8.17"]
[Round "-"]
[White "edgar_01"]
[Black "li2carpio"]
[Result "1-0"]
[WhiteElo "1387"]
[BlackElo "1775"]

1. d4 d5 2. c4 e6 3. Nc3 c5 4. dxc5 Bxc5 5. cxd5 Bb4 6. Qa4+ Nc6 7. dxc6 Bxc3+
8. bxc3 bxc6 9. Qxc6+ Bd7 10. Qf3 h6 11. Ba3 Ba4 12. Qg4 g6 13. Qxa4+ Qd7 14.
Qxd7+ Kxd7 15. Nf3 Nf6 16. e3 Rhc8 17. Bb5+ Kc7 18. O-O Ne4 19. Rfd1 Rd8 20. Bb4
a6 21. Ba5+ Kb7 22. Rxd8 Rxd8 23. Bxa6+ Kxa6 24. Bxd8 Nxc3 25. Kf1 g5 26. Ne5 f5
27. Rc1 Ne4 28. Ke1 g4 29. Be7 h5 30. f3 Ng5 31. Bxg5 Kb5 32. Be7 Kb6 33. Bd6
1-0

[Event "AUTO-OPEN-378"]
[Site "http://www.queenalice.com/game.php?id=102758"]
[Date "2006.9.5"]
[Round "1"]
[White "edgar_01"]
[Black "Stephanovski"]
[Result "0-1"]
[WhiteElo "1399"]
[BlackElo "1440"]

1. e4 c5 2. Nf3 d6 3. Bc4 e6 4. d4 cxd4 5. Nxd4 Nf6 6. Bg5 Be7 7. O-O Nc6 8.
Nxc6 bxc6 9. Bxf6 Bxf6 10. Nc3 O-O 0-1

[Event "AUTO-OPEN-378"]
[Site "http://www.queenalice.com/game.php?id=102762"]
[Date "2006.9.5"]
[Round "1"]
[White "edgar_01"]
[Black "Mike36bh"]
[Result "0-1"]
[WhiteElo "1476"]
[BlackElo "1727"]

1. e4 e5 2. Nf3 Nc6 3. Bb5 Bd6 4. Bxc6 dxc6 5. O-O h6 6. Nc3 Nf6 7. d4 Qe7 8.
Bg5 hxg5 9. Nxg5 Bg4 10. f3 Bh5 11. dxe5 Qxe5 12. f4 Qc5+ 13. Kh1 Bxd1 14. Raxd1
Ng4 0-1

[Event "AUTO-OPEN-378"]
[Site "http://www.queenalice.com/game.php?id=102763"]
[Date "2006.9.5"]
[Round "1"]
[White "Mike36bh"]
[Black "edgar_01"]
[Result "1-0"]
[WhiteElo "1722"]
[BlackElo "1405"]

1. d4 d5 2. Nc3 Nf6 3. Bf4 Bf5 4. Nf3 e6 5. Nb5 Bd6 6. Bg3 Bxg3 7. hxg3 a6 8.
Nc3 Nc6 9. a3 Ne4 10. Qc1 Nxc3 11. bxc3 h6 12. e3 Qd7 13. Rb1 b5 14. Rh4 Ne7 15.
Ne5 Qd6 16. g4 Be4 17. Rh5 g6 18. Rh3 f6 19. Nf3 Bxf3 20. Rxf3 1-0

[Event "AUTO-INT-159"]
[Site "http://www.queenalice.com/game.php?id=102818"]
[Date "2006.9.5"]
[Round "1"]
[White "Guillaume"]
[Black "edgar_01"]
[Result "1-0"]
[WhiteElo "1464"]
[BlackElo "1431"]

1. e4 e5 2. Qh5 Nc6 3. Nf3 Nf6 4. Qg5 h6 5. Qe3 Ng4 6. Qe2 Bc5 7. h3 Nxf2 8. Rg1
Nd4 9. Nxd4 Bxd4 10. c3 Nd3+ 11. Qxd3 Bxg1 12. Qg3 Qf6 13. d4 exd4 14. cxd4 d6
15. Be3 Bxe3 16. Qxe3 O-O 17. Nc3 Bd7 18. Nd5 Qh4+ 19. Kd1 c6 20. Nf4 1-0

[Event "AUTO-INT-159"]
[Site "http://www.queenalice.com/game.php?id=102828"]
[Date "2006.9.5"]
[Round "1"]
[White "edgar_01"]
[Black "ozzyvegeta"]
[Result "0-1"]
[WhiteElo "1399"]
[BlackElo "2047"]

1. e4 e5 2. Nf3 Nc6 3. Nc3 Bc5 4. Bb5 Nge7 5. O-O O-O 6. Bxc6 Nxc6 7. d3 d6 8.
Be3 Bxe3 9. fxe3 f5 10. Nd5 fxe4 11. dxe4 Bg4 12. h3 Bh5 13. Qd2 Qd7 14. Ng5 h6
15. Nf3 Bxf3 16. Rxf3 Rxf3 17. gxf3 Qxh3 0-1

[Event "AUTO-INT-159"]
[Site "http://www.queenalice.com/game.php?id=102829"]
[Date "2006.9.5"]
[Round "1"]
[White "ozzyvegeta"]
[Black "edgar_01"]
[Result "1-0"]
[WhiteElo "2049"]
[BlackElo "1399"]

1. e4 e5 2. Nf3 Nc6 3. Bb5 a6 4. Ba4 d6 5. c3 Bd7 6. d4 exd4 7. cxd4 Nf6 8. O-O
Be7 9. Nc3 O-O 10. Re1 Bg4 11. Be3 Bxf3 12. Qxf3 h6 13. Rad1 Re8 14. e5 dxe5 15.
Bxc6 bxc6 16. dxe5 Nd7 17. Bxh6 1-0

[Event "Challenge"]
[Site "http://www.queenalice.com/game.php?id=114215"]
[Date "2006.10.7"]
[Round "-"]
[White "orbz"]
[Black "edgar_01"]
[Result "1-0"]
[WhiteElo "1763"]
[BlackElo "1423"]

1. e4 e5 2. Nf3 Nc6 3. Bb5 a6 4. Bxc6 dxc6 5. O-O Bd6 6. Nc3 Bg4 7. h3 Bxf3 8.
Qxf3 Nf6 9. d3 O-O 10. Bg5 h6 11. Bxf6 Qxf6 12. Qxf6 gxf6 13. Rfe1 b5 14. Ne2 c5
15. Rf1 Kh7 16. f4 exf4 17. Rxf4 Bxf4 18. Nxf4 Rg8 19. Kh2 Rg7 20. Nh5 Rg6 21.
Rf1 Rag8 22. Nxf6+ Kh8 23. Nxg8 Kxg8 24. Rf5 Rc6 25. g4 Kg7 26. Kg3 c4 27. d4 b4
28. Rc5 Rxc5 29. dxc5 c3 30. bxc3 bxc3 31. Kf4 Kf6 32. h4 c6 33. g5+ hxg5+ 34.
hxg5+ Ke6 35. a3 a5 36. a4 1-0